| 000 | 00802nam a2200217 a 4500 | ||
|---|---|---|---|
| 001 | 46715 | ||
| 003 | BD-RjUL | ||
| 005 | 20211209054208.0 | ||
| 008 | 160803s1963 pk 000 0 eng | ||
| 035 | _a(BD-RjUL)46834 | ||
| 040 |
_aDLC _cCarP _dDLC _dBD-RjUL _beng |
||
| 041 | _aeng | ||
| 082 |
_223 _a342.547 _bCON 1963 |
||
| 110 |
_aPakistan. _bMinistry of Law and Parliamentary Affairs. _b(Law Division) _9233655 |
||
| 245 | 0 | 4 |
_aThe Constitution of the Republic of Pakistan : _b(as modified up to the 9th October, 1962.) / _cPakistan. Ministry of Law and Parliamentary Affairs. (Law Division) |
| 260 |
_aKarachi : _bManager of Publications, Govt. of Pakistan, _c1963. |
||
| 300 |
_axiv, 92 p. ; _c25 cm. |
||
| 650 |
_aConstitutions _zPakistan. _9142392 |
||
| 942 |
_2ddc _cBK |
||
| 999 |
_c46715 _d46715 |
||